1058 1925 1268 1321 1810 1151 1305 1681 1572 1997 1533 1962 1979 1909 1690 1534 1745 1274 1565 1464 1839 1868 1975 1060 1364 1476 1436 1145 1180 1471 1206 1619 1462 1965 1489 1401 1043 1472 1818 1565 1588 1079 1479 1439 1278 1529 1915 1436 1041 1404 1830 1858 1074 1893 1861 1074 1499 1473 1378 1636 1822 1141 1313 1112 1979 1884 1322 1681 1070 1288 1031 1381 1516 1507 1767 1551 1308 1324 1269 1976 1954 1054 1601 1672 1309 1604 1323 1870 1839 1733 1520 1193 1976 1451 1955 1491 1286 1183 1282 BCNSPRNW ULIB Ver.6.0+V

เปลี่ยนเป็นภาษาไทย

Change to English
 แสดงรายละเอียดบรรณานุกรม
  กลับหน้าหลัก

Brief Record : Get Marc (ISO 2709) : E-mail record : QR code < ปิดหน้าต่าง
LEADER : 00000nam 2200000uu 4500
001    13399113412
003     ULIB
008    110627s2548||||th 000 0 tha d
020    978974991614X
090    นว.^bพ791ก 2548
100 0  พี.เจ.พาร์ริช
245 00 เกาะลับแล/^cพี.เจ.พาร์ริช
250    พิมพ์ครั้งที่ 4
260    กรุงเทพฯ :^bแพรวสำนักพิมพ์,^c2548
300    374 หน้า
710 1  แพรวสำนักพิมพ์
945    ^p255^l0^i019591
995    ทศพร
999 ^a ใช้งานได้ทุกระบบ
รายการนี้ยังไม่มีแท็ก
คุณยังไม่ได้ล็อกอิน คุณสามารถมีกิจกรรมร่วมกับเว็บไซต์ได้ แต่ต้องล็อกอินก่อน ::
  ล็อกอิน

รายการสื่อสารสนเทศ

ลำดับที่ ประเภท เลขเรียก/บาร์โค้ด สถานที่ สถานะ
1. นวนิยาย
นวนิยาย
นว. พ791ก 2548 ฉ.1 
  Barcode: 019591
ห้องสมุดวิทยาเขตสวรรค์ประชารักษ์
►นวนิยาย
บนชั้น
  ขอยืม

BibComment


ยังไม่เคยถูกคอมเมนท์

คอมเมนท์ทรัพยากรรายการนี้
  คอมเมนท์: เกาะลับแล พีเจพาร..


 Copyright 2026. Bcnsprnw @Library